000 00803nam a22002055i 4500
001 165220
003 ES-MaACL
005 20250717065515.0
008 010803s1894 it |||| | ita d
040 _aCCPB | B
_bspa
_cCCPB | B
100 1 _aSernicoli, E.
_9132657
245 1 2 _aL'anarchia e gli anarchici
_b: studio storico e politico /
_cE. Sernicoli.
260 _aMilano :
_bfratelli Treves, editori,
_c1894.
300 _av. ;
_c20 cm.
505 8 _aVolume primo: la propaganda di fatto sue origini e suo sviluppo (372 p.)
650 7 _aAnarquismo
_2embne
_99783
752 _aItalia -
_dMilán
852 _aES-MaACL
_jF-12559-12560
_z-- Enc. pasta española
_x-- Edic.: 2 v. -- El t.II, Fisiologia degli anarchini. Le nuove leggi e i rimedi (316 p.)
999 _c165220
_d165220